Στατιστική /

Κύριος συγγραφέας: Παπακωνσταντίνου, Ευάγγελος Θ.
Άλλοι συγγραφείς: Καΐτσας, Γεώργιος Ν.
Μορφή: Βιβλίο
Γλώσσα: Greek
Στοιχεία έκδοσης: Αθήνα : Ίδρυμα Ευγενίδου, 1995
Ταξινομικός αριθμός: 519.5 ΠΑΠ
Ετικέτες: Προσθήκη ετικέτας
Δεν υπάρχουν, Καταχωρήστε ετικέτα πρώτοι!
LEADER 00761nam a2200181 a 4500
001 1/23467
008 040901t1995 gr 00110 gre d
020 |a 9603370126 
035 |l 25190 
040 |a GR-PeUP 
082 |a 519.5 ΠΑΠ 
100 1 |a Παπακωνσταντίνου, Ευάγγελος Θ. 
245 1 0 |a Στατιστική /  |c Ευαγγέλου Παπακωνσταντίνου, Γεωργίου Ν. Κάιτσα 
260 0 |a Αθήνα :  |b Ίδρυμα Ευγενίδου,  |c 1995 
300 |a 171 σ. :  |b πίνακες ;  |c 24 εκ. 
500 |a Περιλαμβάνει ευρετήριο 
700 1 |a Καΐτσας, Γεώργιος Ν. 
852 |a INST  |b UNIPILB  |c MAIN  |e 20040901  |h 519.5 ΠΑΠ  |p 00143620  |q 00143620  |t LOAN  |y 0  |4 1